000 00700nam a2200253Ia 4500
003 OSt
005 20221007081451.0
006 a|||||r|||| 00| 0
007 ta
008 221006b |||||||| |||| 00| 0 eng d
024 _a46,047
037 _cTextual
040 _aFLL
_cFLL
_beng
041 _2eng
_aeng
082 _aY15:45, Q8
100 _aFITZ-GIBBON Kate Au.
_9697332
245 0 _aGender, Crime and Criminal justice
250 _a3rd
260 _aNew York
_bRoutledge USA
_c2018
300 _aix,222p.
_ccm.
700 _a WALKLATE Sandra Au.
_9691828
942 _hY15:45, Q8
_cTEXL
_2CC
999 _c1163136
_d1163136